000 00295nam a22001217a 4500
008 160519b xxu||||| |||| 00| 0 eng d
020 _a9780890797952
020 _a0890797951
041 _aeng
080 _a61
245 _aAlaryngeal speech Rehabitiation:
_cShirlet J. Salmon;
942 _2udc
_cBK
999 _c2269
_d2269